| 000 | 00487nam a22001817a 4500 | ||
|---|---|---|---|
| 003 | Ost | ||
| 005 | 20200521115119.0 | ||
| 008 | 200521b ||||| |||| 00| 0 eng d | ||
| 020 | _a2880012317 | ||
| 040 | _cBT-PhCST | ||
| 050 | _a2623 | ||
| 082 |
_222 _a623.195486 _bHEL |
||
| 100 | _aHeld, Suzanne. | ||
| 245 | _aThe monasteries of the Himalayas / | ||
| 260 |
_aItaly : _bEDITA S. A. Lausanne, _cc1988. |
||
| 300 |
_a149 p. : _bill. (some col. photographs) ; _c30 cm. |
||
| 942 |
_2ddc _cHIS |
||
| 999 |
_c7788 _d7788 |
||